| 000 | 00672nam a2200229Ia 4500 | ||
|---|---|---|---|
| 003 | GCL | ||
| 008 | 140319s9999 xx 000 0 ara d | ||
| 040 |
_aGCL / _cGCL |
||
| 082 | 0 | 4 |
_a301.2 _bب ث |
| 100 | 1 | _aبدر عبدالملك | |
| 245 | 1 | 0 |
_aثقافة التسلط وسلطه الثقافة / _cبدر عبدالملك |
| 700 | 1 | _aعبدالرحمن ضيف | |
| 300 | _a159 | ||
| 490 |
_a100 قصة _v0 |
||
| 650 | 0 | 4 | _aالادب |
| 650 | 0 | 4 | _aالثقافة الاسلامية |
| 650 | 0 | 4 | _aالثقافة |
| 650 | 0 | 4 | _aالثقافة الجماهيرية |
| 650 | 0 | 4 | _aالقراءة |
| 650 | 0 | 4 | _aالصحافة البحرانية |
| 942 |
_2ddc _cBK |
||
| 999 |
_c44107 _d44107 |
||